000 00495nam a2200181Ia 4500
008 230718s9999 xx 000 0 und d
020 _a9788121914314
041 _aeng
082 _a604.2
_bDHA
100 _aDhawan R.K.
245 _aTextbook Of Engineering Drawing
_bIn First Angle Projection
250 _aRev ed.
260 _c2014
_bS.Chand
300 _a673
365 _cRs.
_b495.00
700 _aDhawan R.K.
906 _dO:0480122-Dec-2015B:SE/SI/246413-Oct-2015
_cALLIED
_b980.1
999 _c340746
_d340746